| 000 | 01319nam a2200217Ia 4500 | ||
|---|---|---|---|
| 003 | Ost | ||
| 005 | 20260416102356.0 | ||
| 008 | 260416s9999||||xx |||||||||||||| ||und|| | ||
| 040 | _cfsecg | ||
| 041 | _aara | ||
| 082 | _a658.8 | ||
| 100 |
_aجدو، أحلام _eمؤلف |
||
| 245 | 0 |
_a محاضرات في التسويق : _bموجهة لطلبة السنة الثانية جذع مشترك علوم تجارية / _c أحلام جدو |
|
| 260 |
_aالجزائر _bجامعة الجزائر3: كلية العلوم الإقتصادية، العلوم التجارية وعلوم التسيير _c2021 |
||
| 300 |
_a123 ورقة _bايضاحات _c30 سم |
||
| 504 | _aمراجع ص.119 | ||
| 520 | _aطبيعة التسويق ، البيئة التسويقية ، بحوث التسويق و دراسة سلوك المستهلك ، تجزئة السوق بالتطرق الى الاستهداف و التموقع ، استراتيجية المنتج و أستراتيجية التسعير و التوزيع و الترويج ، أنواع التسويق ( توجهات تسويقية معاصرة ) | ||
| 653 | _aالتسويق | ||
| 710 |
_aجامعة الجزائر3: كلية العلوم الإقتصادية، العلوم التجارية وعلوم التسيير _eناشر علمي |
||
| 942 | _cHANDOUT | ||
| 999 |
_c41234 _d41234 |
||